000 00318nam a22001337a 4500
008 180129b xxu||||| |||| 00| 0 eng d
020 _a9781599471044
041 _aeng
080 _a101
100 _a24
101 _aFIL
245 _aG.K Chesterton thinking backward, looking forward
_cClark,S.R
942 _2udc
_cBK
999 _c41164
_d41164